Quizzes
Events
Quiz Creation
Community
Videos
Private Events
Remove Ads
Sign In
Join for FREE
Feedback
Dark Mode
Quiz Categories
Sports
Geography
Music
Movies
Television
Just For Fun
Miscellaneous
History
Literature
Language
Science
Gaming
Entertainment
Religion
Holiday
For Kids
Quiz Lab
Recent
Popular Today
Quiz Kudos Today
Editor Picks
Curator Picks
Quizzes by...
Day
Popularity
Type
Ratings
Length
Year
Community
Subscriptions
Recent Discussions
Orange Saloon
Badges
Playlists
Quests
Create
Leaderboards
Showdown
Live 5
Trivia Bingo
Activity
Puzzle Library
Sporcle Events
Private Events
Virtual Trivia
Globe League
Become a Host
Pub Owners
SporcleCon
Opinionation
Our Games
Videos
Blog
Mobile Apps
Partnerships
Remove Ads and Go Orange
Feedback
Gaming
Video Games
Board Games
Card Games
Pokémon
Mario
Nintendo
Minecraft
Console
Toys
Legend of Zelda
Gaming
Video Games
Board Games
Card Games
Pokémon
Mario
Nintendo
Minecraft
Console
Toys
Legend of Zelda
Random Quiz
Search Sporcle
×
Quiz Lab
Quiz Lab
Gaming
Liga BBVA
Type in answers that appear in a list
Type in answers that appear in a list
Classic
Best Score? Go Orange.
FIFA 13 Top 62 Shooters Stats
Can you name the FIFA 13 Top 62 Shooters?
By
dxsafe
20m
62 Questions
409 Plays
409 Plays
409 Plays
Comments
Comments
Give Quiz Kudos
Give Quiz Kudos
-
- Ratings
hide this ad
More Info
Replay
Link that replays current quiz
Next Quiz
Link to next quiz in quiz playlist
You Got
0%
They Got
Avg Score
28%
Avg Friend Score
Upgrade to see
Score Distribution
Jump to the score distribution portion of the page
Score
0/62
Timer
20:00
0
Plays Today
Shooting rating
Player
% Correct
90
Cristiano Ronaldo
85.5%
88
Wayne Rooney
84.7%
88
Lionel Messi
84.2%
89
Robin van Persie
80.8%
88
Zlatan Ibrahimovic
75.9%
87
David Villa
61.3%
87
Antonio Di Natale
59.6%
87
Frank Lampard
58.9%
86
Steven Gerrard
58.9%
85
Carlos Tevez
54.2%
84
Sergio Aguero
54.2%
87
Lukas Podolski
53.7%
85
Hulk
52.5%
85
Arjen Robben
52%
83
Luis Suarez
51.7%
82
Fernando Torres
50%
83
Falcao
39.9%
84
Marco Reus
38.9%
82
Samuel Eto'o
38.2%
86
Oscar Cardozo
37.9%
83
Karim Benzema
37.9%
83
Edinson Cavani
36%
82
Mario Balotelli
35%
85
Francesco Totti
32.5%
84
Rafael van der Vaart
31%
82
Edin Dzeko
29.6%
83
Jermain Defoe
28.1%
82
Bastian Schweinsteiger
28.1%
81
Gonzalo Higuain
28.1%
81
Dimitar Berbatov
25.4%
82
Klaas-Jan Huntelaar
24.6%
Shooting rating
Player
% Correct
82
Toni Kroos
24.4%
85
Fabrizio Miccoli
23.4%
84
Diego Forlan
18%
83
Lisandro Lopez
17.5%
81
Kaka
15.3%
81
Clint Dempsey
15%
82
Kevin-Prince Boateng
12.8%
81
Alvaro Negredo
12.6%
83
Fabio Quagliarella
12.3%
81
Giuseppe Rossi
11.3%
81
Keisuke Honda
11.3%
81
Bafetimbi Gomis
9.4%
81
Stevan Jovetic
9.1%
81
Andre Schurrle
8.9%
81
Fred
8.6%
82
Claudio Pizarro
8.4%
81
Rodrigo Palacio
8.1%
81
Mladen Petric
5.9%
81
Juninho
5.4%
81
Lima
5.2%
81
Julio Baptista
4.9%
81
Alessandro Diamanti
4.4%
81
Ivan Perisic
2.5%
82
Alexandr Kerzhakov
2.2%
81
Selcuk İnan
2.2%
81
Sejad Salihovic
2%
81
Balazs Dzsudzsak
1.7%
81
Lee Dong Gook
1.5%
81
Bruno Cesar
0.7%
81
Carlos Martins
0.7%
81
Robeto Soldado
0.7%
Quiz Playlist
Details
Report
Send in Message
Add To Playlist
More Info:
This game includes goal from the Premiera Divsion/Liga BBVA. This does not include own goals.
Classic:
Type in answers that appear in a list
Last Updated: Jul 25, 2017
Quiz Scoreboard
CHALLENGE
Sign Up to Join the Scoreboard
Show All
Scores
Hide
Comments
May contain spoilers
Recently Published
Billboard Blitz: Fleetwood Mac
by CooCooCachoo
Music
15s
Presidents Visiting Landmarks
by Hejman
History
7m
An Introduction to Baseball
by treessimontrees
Sports
5m
More to Explore
Quiz From the Vault
Featured Blog Post
Where Did the Easter Bunny Come From?
hide this ad
You Might Also Like...
Tags
Liga BBVA
Today's Top Quizzes in Gaming
Browse Gaming
hide this ad
Today's Top Quizzes in Liga BBVA
Browse Liga BBVA
Top Contributed Quizzes in Gaming
1
5-to-1: Consoles
2
7-to-1: Board Game Piece Blitz
3
5-to-1: Legend of Zelda
4
Destiny 2 exotic weapons by perk icons
5
League of Legends Pro Players by Career/Team History
6
Ultimate Genshin Impact Logic Puzzle (up to 4.3)
7
Franchise by Action Figure
8
Genshin Impact Logic Puzzle Quiz
9
Who's on the WWE 2K24 Cover?
10
Overwatch Logic Puzzle
Explore More
Trending Topics
Harry Potter
Anime
Crossword
Marvel
Disney
NBA
Kpop
Puzzle
NFL
Pokémon
Country
Soccer
WWE
Song
The Office
hide this ad
More By:
dxsafe
Quiz
Plays
Rating
Category
Featured
Created
Fifa 13 National Teams
875
4.00
Gaming
Sep 8, 2012
Tottenham's most expensive signings
861
4.33
Sports
Feb 16, 2011
FIFA 13 Top 180 Players
649
5.00
Gaming
Nov 9, 2012
Tottenham Hotspur 2012-2013 team
574
4.33
Sports
Sep 26, 2011
2012-2013 Premier league nationalities
525
3.43
Sports
Nov 3, 2011
Go to Creator's Profile
Score Distribution
Quiz Creator Spotlight
dxsafe
Follow
Send a Message
Quizzes Created
-
Created Quiz Play Count
-
More By This Creator
Popular Quizzes Today
1
Find the US States - No Outlines Minefield
2
Find the Countries of Europe - No Outlines Minefield
3
The Countries of the World
4
Find the US States
5
US States
6
Popular People in 1961
7
Risky Map Clicking: Biggest States A-Z
8
Movies - When Are They Set?
More Gaming Quizzes
FNaF Animatronics
Quiz Lab
Trending Quizzes
Risky Map Clicking: Least Populous States A-Z
1-10 Letter G Words
1-10 Letter F Words
Risky Map Clicking: Next State Alphabetically
Risky Map Clicking: Biggest States A-Z
Recently Updated
Leaping Animals
pecheneg
Reality TV Shows (A-Z)
bhenderson79
Rickey Henderson's Hall of Fame Teammates
pecheneg
Champions League XIs: Arsenal
pecheneg
Quick Pick: Celebrities in WWE's Hall of Fame
aduchscher
A-Z Keypad Blitz II
pecheneg
Multiple Oscar Actors
pecheneg
Mystery Phrase Blitz: Oscar 'Best Actors'
pecheneg
F. Scott Fitzgerald Novels
LTH
Pick 3 Villains
ddd62291
Trending Topics
Anime
Crossword
Disney
Harry Potter
NBA
Marvel
Kpop
Pokémon
NFL
Soccer
Song
The Office
Puzzle
Country
WWE
Your Account Isn't Verified!
In order to create a playlist on Sporcle, you need to verify the email address you used during registration. Go to your
Sporcle Settings
to finish the process.
Report this User
Report this user for behavior that violates our
Community Guidelines
.
Details:
Send Report
Go to the Sporcle.com Mobile Site →
Comments